Hồ Chí Minh sống mãi trong trái tim nhân loại

Salvato in:
Dettagli Bibliografici
Autore principale: Hồ Chí Minh sống mãi trong trái tim nhân loại
Natura: Libro
Lingua:Undetermined
Pubblicazione: Hà Nội Lao động 2001
Soggetti:
Tags: Aggiungi Tag
Nessun Tag, puoi essere il primo ad aggiungerne! !
Thư viện lưu trữ: Trung tâm Học liệu Trường Đại học Cần Thơ
LEADER 00648nam a2200169Ia 4500
001 CTU_41989
008 210402s9999 xx 000 0 und d
082 |a 324.2075092 
082 |b H450k 
100 |a Hồ Chí Minh sống mãi trong trái tim nhân loại 
245 0 |a Hồ Chí Minh sống mãi trong trái tim nhân loại 
245 0 |c Hồ Chí Minh sống mãi trong trái tim nhân loại, Phạm Việt Anh 
260 |a Hà Nội 
260 |b Lao động 
260 |c 2001 
650 |a communists - vietnam - biography,ho chi minh - biography 
980 |a Trung tâm Học liệu Trường Đại học Cần Thơ